IPD Monthly: property returns were 7.1% in 2001 (Record no. 69435)

MARC details
000 -LEADER
fixed length control field 00909cam a2200181 4500
001 - CONTROL NUMBER
control field WB3805-07
008 - FIXED-LENGTH DATA ELEMENTS--GENERAL INFORMATION
fixed length control field 020205n2002 000 0 eng u
035 ## - SYSTEM CONTROL NUMBER
System control number (Sirsi) u116611
245 ## - TITLE STATEMENT
Title IPD Monthly: property returns were 7.1% in 2001
260 ## - PUBLICATION, DISTRIBUTION, ETC.
Date of publication, distribution, etc. 2002
490 ## - SERIES STATEMENT
Series statement Property Week
Volume/sequential designation (4) 1 February 2002, 20(1)
520 ## - SUMMARY, ETC.
Summary, etc. The total return for all property in 2001 was 7.1%, according to the IPD Monthly Index. The figure compares with the 5.6 % return on the Insignia Richard Ellis Monthly Index. The definitive benchmark figure for last year's performance for the property sector will emerge in the IPD Annual Index, published on 9 March 2002, but it is not expected to be far from the 7.1% return of the IPD Monthly Index.
590 ## - LOCAL NOTE (RLIN)
Local note WB
650 ## - SUBJECT ADDED ENTRY--TOPICAL TERM
Topical term or geographic name entry element PROPERTY RETURNS
650 ## - SUBJECT ADDED ENTRY--TOPICAL TERM
Topical term or geographic name entry element YIELDS
690 ## - LOCAL SUBJECT ADDED ENTRY--TOPICAL TERM (OCLC, RLIN)
Topical term or geographic name as entry element PROPERTY-COMMERCIAL PROPERTY-COMMERCIAL PROPERTY FINANCE AND INVESTMENT
942 ## - ADDED ENTRY ELEMENTS (KOHA)
Suppress in OPAC 0
Holdings
Withdrawn status Lost status Source of classification or shelving scheme Damaged status Not for loan Home library Current library Shelving location Date acquired Total Checkouts Full call number Barcode Date last seen Copy number Price effective from Koha item type
    Dewey Decimal Classification     London London News article 05/02/2002   WB3805-07 116611-1001 06/08/2019 1 06/08/2019 News article